000 00744cab a2200229 4500
001 WB3519-59
008 090401t1999 xxu||||| |||| 00| 0 eng d
035 _a(Sirsi) u93453
041 _aeng
245 _aBPF warning on tax time limits
260 _c1999
350 _a0
490 _aProperty Week
_v64(19) 14 May 1999, 6(1)
520 _aThe British Property Federation has hit out at Schedule 12 of the Finance Bill which it says will make the procedure for stamping an agreement for lease longer and more expensive, and deter developers from committing to new projects.
650 _aBPF
650 _aFINANCE BILL
650 _aPRE-LETS
650 _aSTAMP DUTY
690 _aTAXATION
942 _n0
948 _c19/05/1999
999 _c59223
_d59223